| 000 | 00397nam a2200145 i 4500 | ||
|---|---|---|---|
| 001 | bg | ||
| 100 | 1 | _aAKAEVSKIJ, Anatolij Ivanovič. | |
| 245 | 0 |
_aAnatomia zwierząt domowych. _nT. 2, _pNarządy wewnętrzne, układ naczyniowy / _cAnatolij Akaewski. |
|
| 260 |
_aWarszawa, _c1973. |
||
| 040 | _cBPK | ||
| 041 | _apol | ||
| 080 | _a619 | ||
| 942 | _cKS | ||
| 008 | s pl f |000 0 pol | ||
| 999 |
_c34848 _d34848 |
||
| 856 |
_uhttp://koha.tu.koszalin.pl/cgi-bin/koha/opac-detail.pl?biblionumber=34848 _yKatalog online BPK |
||